| 000 | 00422nam a22001571a 4500 | ||
|---|---|---|---|
| 020 | _a9788122610581 | ||
| 082 |
_aM301 _bRAJ/R |
||
| 100 |
_aRajalakshmi _9149334 |
||
| 245 |
_aRajalakshmiyude kathakal/ _cby Rajalakshmi |
||
| 260 |
_aThrissur: _bCurrent Books, _c2018. |
||
| 300 | _a180p. | ||
| 650 |
_aStories Malayalam _9149335 |
||
| 650 |
_aLiterature Malayalam _9149336 |
||
| 650 |
_aLiterature _9149337 |
||
| 942 | _cBK | ||
| 999 |
_c141348 _d141348 |
||